| 000 | 02372cam a22005774i 4500 | ||
|---|---|---|---|
| 003 | PE-LiUPU | ||
| 005 | 20250731180135.0 | ||
| 008 | 150625s2007 pe a rb 000 0 spa d | ||
| 035 | _a(Sirsi) a38579 | ||
| 040 |
_aPE-LiUPU _bspa _cPE-LiUPU _erda |
||
| 082 | 0 | 4 |
_a515.076 _bE88 2007 |
| 100 | 1 |
_aEspinoza Ramos, Eduardo, _d1946-, _eautor. |
|
| 245 | 1 | 0 |
_aAnálisis matemático III : _bpara estudiantes de ciencia de ingeniería / _cEduardo Espinoza Ramos. |
| 250 | _aQuinta Edición. | ||
| 264 | 1 |
_aLima : _bEduardo Espinoza Ramos, _c2007. |
|
| 300 |
_a922 páginas : _bilustraciones ; _c22 centímetros |
||
| 336 |
_atext _2rdacontent |
||
| 337 |
_aunmediated _2rdamedia |
||
| 338 |
_avolume _2rdacarrier |
||
| 504 | _aIncluye bibliografía. | ||
| 505 | 0 | _aSuperficies cuádricas -- Funciones vestoriales de variable real -- Funciones reales de variables vectorial -- Integrals dobles -- Integrales triples -- Integrales curvilíneas o de línea -- Integral de superficie. | |
| 526 | _aSEG44 | ||
| 526 | _aSEG26 | ||
| 526 | _aP159 | ||
| 526 | _aP155 | ||
| 526 | _aP154 | ||
| 526 | _aP153 | ||
| 526 | _aP150 | ||
| 526 | _aP100 | ||
| 526 | _aP31 | ||
| 526 | _aP30 | ||
| 526 | _aP26 | ||
| 526 | _aP25 | ||
| 526 | _aP24 | ||
| 526 | _aP22 | ||
| 526 | _aP15 | ||
| 526 | _aP10 | ||
| 541 | _g001-003115; | ||
| 650 | 1 | 8 |
_aGeometría vectorial _vProblemas, ejercicios, etc. |
| 650 | 2 | 8 |
_aAnálisis vectorial _vProblemas, ejercicios, etc. |
| 650 | 2 | 8 |
_aAnálisis matemático _vProblemas, ejercicios, etc.. |
| 910 |
_bjv _cng _d20080220 |
||
| 910 |
_adbm _bncf _cncf _d20190429 |
||
| 942 |
_2ddc _cBOOK |
||
| 949 |
_a515.076 E88 3 2007 _wDEWEY _c1 _i57895 _lCCODEBUL1 _mBUL _p10 _r0 _sY _tBOOK _u2015-06-25 _xINGENIERIA _zUNKNOWN _0COMPRA _o.STAFF. Colección Ingeniería y Arquitectura |
||
| 994 |
_aC0 _bPEPRU |
||
| 596 | _a1 2 | ||
| 999 |
_a515.076 E88 3 2007 _wDEWEY _c46877 _i57895 _d46877 _e2019-11-10 _f2021-11-9 _g8 _lCCODEBUL1 _mBUL _n51 _p10.00 _q5 _r0 _sY _tBOOK _u2015-6-25 _xINGENIERIA _PP25 _0COMPRA _o.STAFF. Colección Ingeniería y Arquitectura |
||
| 999 |
_a515.076 E88 _wDEWEY _c1 _iFT01044 _f2019-2-20 _g1 _lCATALOGING _mBUT _p20.00 _r0 _sY _tBOOK _u2016-3-10 _xINGENIERIA _PP15 _0DONACION _o.STAFF. Colección General |
||
| 980 |
_81 _gALBERTO SANCHEZ Responsable de Automatización |
||